Guess the Fragrance by its Bottle Cap - Statistics

General Stats
  • This quiz has been taken 3,081 times
  • The average score is 6 of 8
Answer Stats
Picture Answer % Correct
JPG Le Mâle
92%
Versace Eros
87%
Dior Sauvage
82%
Afnan 9PM
71%
Dolce & Gabanna Light Blue
61%
Moschino Toy Boy
59%
Parfums de Marly Greenley
59%
Rasasi Hawas Ice
53%
No matching quizzes found
Score Distribution
Percent of People with Each Score
Percentile by Number Answered
Your Score History
You have not taken this quiz